Los métodos de la lógica
Uloženo v:
| Hlavní autor: | |
|---|---|
| Médium: | Kniha |
| Jazyk: | španělština |
| Vydáno: |
Barcelona
Ariel
1962
|
| Edice: | Colección Zetern. Estudios y Ensayos, 9
|
| Témata: | |
| Tagy: |
Přidat tag
Žádné tagy, Buďte první, kdo vytvoří štítek k tomuto záznamu!
|
MARC
| LEADER | 00000nam a2200000 a 4500 | ||
|---|---|---|---|
| 001 | UCV7787 | ||
| 003 | CL-VaPUC | ||
| 008 | 890828e19620000SP |||||||||||||||||spa|d | ||
| 082 | 0 | 4 | |a 160 |b QUI |2 21 |
| 100 | 0 | |a Quine, Willard Van Orman |e author |9 301909 | |
| 245 | 1 | 4 | |a Los métodos de la lógica |
| 300 | |a 362 p | ||
| 942 | |c BK | ||
| 945 | |d 19890828 00:00:00 | ||
| 260 | |a Barcelona |b Ariel |c 1962 | ||
| 650 | 0 | |a Lógica |9 256849 | |
| 583 | |a last modification |c 19890828 00:00:00 |k Rodrigo Vera | ||
| 490 | 0 | |a Colección Zetern. Estudios y Ensayos, 9 | |
| 999 | |c 213413 |d 213411 | ||
| 952 | |0 0 |1 0 |4 0 |6 160_000000000000000_QUI_1962 |7 0 |8 P |9 195771 |a BIBARQ |b BIBARQ |d 2019-11-14 |i 2637677 |o 160 QUI 1962 |p 2637677 |r 2025-01-20 |w 2019-11-14 |y BK |k ARQ | ||
| 952 | |0 0 |1 0 |4 0 |6 160_000000000000000_QUI_1962 |7 0 |8 A |9 195772 |a BIBEDU |b BIBEDU |d 2019-11-14 |i 1563920 |l 1 |o 160 QUI 1962 |p 1563920 |r 2022-10-17 |s 2022-10-11 |w 2019-11-14 |y BK |k FIL | ||